000 00419nam a22001697a 4500
003 NUST - PNEC
005 20170116181014.0
008 150912b xxu||||| |||| 00| 0 eng d
020 _a0830640509
040 _cLIBRARY
082 _a005.7565 PRA
100 _910404
_aPrague, Cary N.
245 _adBase 1.5 proghramming
_cCary N. Prague
260 _cc.1992
650 _99436
_adBase plus
_xMIS
942 _2ddc
_cBK
999 _c67229
_d67229